000 00772nam a22002657a 4500
001 BR6700058
003 BR-BrBNA
005 20230928083444.0
007 ta
008 230509b bl.||||| |||| 00| 0 por d
040 _aBR-BrBNA
_bpor
_cBiblioteca Nacional de Agricultura
041 _a(Por)
072 _aH10
_b7900
_b/G514
090 _ 7900 BR6700058
100 1 _aOliveira, N. de
110 1 _aServico de Informacao Agricola, Rio de Janeiro, GB (Brasil)
245 1 _aIniciacao a pesquisa genetica em drosofila [Drosophila melanogaster; Brasil]
260 3 _aRio de Janeiro, GB (Brasil):
_c1967.
300 _a31 p.
500 _a3 ref.; 18 illus.
650 _aPraga de planta
650 _aMosca
909 _a202309
_bLucia
_c55
_dLucia Elande
942 _cBK
999 _c13571
_d13571